000 00608cam a22002291 4500
001 sa 65002463
003 DLC
005 20260227112117.0
008 900123s1964 ii a b 000 0 hino
010 _asa 65002463
035 _a(OCoLC)20944953
040 _aDLC
_cWaU
_dDLC
042 _apremarc
050 0 0 _aPK1931
_b.T69
100 1 _aTripathi, S. N.,
_d1927-
245 1 0 _aHindī bhāshā aura lipi kā aitihāsika vikāsa.
260 _c[1964]
300 _a2, 4, 163, [1] p.
_billus.
_c23 cm.
500 _aIn Hindi.
504 _aBibliography: p. [164]
650 0 _aHindi language
_xHistory.
999 _c62650
_d62650